=LDR 00000nam 2200000 4500 =001 INLIS000000000038216 =005 20211228024956 =035 ##$$a 0010-061300000038216 =008 211228################g##########0#ind## =041 ##$$a Ind =082 ##$$a 650.1 =090 ##$$a 650.1, Hau i =100 ##$$a Haughton. Laurence =245 1#$$a It's not what you say...its what you do, : $b tindakan anda menetukan kesuksesan perusahaan anda, /$c Laurence Haughton ; penerjemah, primadona Angola =260 ##$$a Jakarta :$b Gramedia,$c 2007 =300 ##$$a xv, 287 hlm, 23 cm ; $c 14x21 cm. =650 #4$$a Sukses bisnis =700 #$$a Angela, Primadona =850 ##$$a NBPNMAT =020 ##$$a 978-979-22-2651-5 =084 ##$$a 650.1 HAU i =990 ##$$a 38133813 =990 ##$$a 21106841 =990 ##$$a 21106840